Rarest Pets - Statistics

General Stats
  • This quiz has been taken 20 times
  • The average score is 2 of 10
Answer Stats
# Answer % Correct
1 Chimpanzee
56%
9 Hedgehog
56%
7 Sugar Glider
38%
4 Capybara
31%
6 Fennec Fox
13%
8 Pygmy Goat
13%
10 Mini Pig
6%
3 Serval
6%
5 Spotted Genet
6%
2 Wallaroos
6%
No matching quizzes found
Score Distribution
Percent of People with Each Score
Percentile by Number Answered
Your Score History
You have not taken this quiz